000 00916aam a2200337 4500
005 20260226175938.0
008 150226b2016 xxu||||| |||| 00| 0 eng d
020 _a9789968319843
041 _aESP
082 _a001.42 B268i2
100 _aBarrantes Echavarría, Rodrigo
245 _aInvestigación: un camino al conocimiento, un enfoque cualitativo, cuantitativo y mixto
260 _aCosta Rica
260 _bEUNED
260 _c2016
300 _a412 páginas
490 _aTemática General
650 _aMÉTODOS DE INVESTIGACIÓN
650 _aINVESTIGACIÓN
650 _aCONOCIMIENTO CIENTÍFICO
650 _aINVESTIGACIÓN CIENTÍFICA
650 _aETAPAS DE UNA INVESTIGACIÓN
650 _aENTREVISTA
650 _aTALLER
650 _aTÉCNICAS GRUPALES
650 _aSIMPOSIO
650 _aJORNADAS
650 _aASAMBLEAS
650 _aCONFERENCIAS
942 _cBK
_2ddc
999 _c3393
_d3393